000
00359nam a2200157Ia 4500
008
220923s9999 xx 000 0 und d
020
_a
9788190948463
082
_b
TRI
100
_a
TRIPATHI, B.N.MANI
245
0
_a
LECTURES ON CODE OF CRIMINAL PROCEDURE
250
_a
1ST
260
_c
2013
300
_a
234
650
_a
Criminal Law
942
_c
BK
999
_c
196005
_d
196005